| 000 | 00821cab a2200241 4500 | ||
|---|---|---|---|
| 001 | WB3132-57 | ||
| 008 | 090401t1995 xxu||||| |||| 00| 0 eng d | ||
| 035 | _a(Sirsi) u57421 | ||
| 041 | _aeng | ||
| 245 | _aSurveyors merge to beat decline | ||
| 260 | _c1995 | ||
| 350 | _a0 | ||
| 490 |
_aFinancial Times _v30 August 1995, 11(1) |
||
| 520 | _aDiscusses the merger between Lambert Smith Hampton and Connell Wilson which will create the fourth biggest firm of commercial property agents. Considers the state of the profession in general. | ||
| 650 | _aCOMMERCIAL PROPERTY AGENTS | ||
| 650 | _aCONNELL WILSON | ||
| 650 | _aLAMBERT SMITH HAMPTON | ||
| 650 | _aSURVEYING PROFESSION | ||
| 650 | _aSURVEYORS | ||
| 690 | _aMANAGEMENT-BUSINESS MANAGEMENT-PROFESSIONAL PRACTICE | ||
| 942 | _n0 | ||
| 948 | _c04/03/1997 | ||
| 999 |
_c35012 _d35012 |
||